Sports Quiz

Random Sports or Football Quiz

Espn Top 25 Fantasy Football Runningback Projections 2011 Quiz Stats

 Plays Quiz not verified by Sporcle

Challenge
Share
Tweet
Embed
Score 0/25 Timer 05:00
0 Plays Today
player % Correct
Adrian Peterson
97.5%
Arian Foster
88.4%
Felix Jones
88.4%
LeSean McCoy
85.9%
Chris Johnson
85.4%
Ray Rice
83.4%
Shonn Greene
82.4%
Matt Forte
81.9%
Maurice Jones-Drew
81.4%
Jamaal Charles
79.9%
DeAngelo Williams
76.9%
Rashard Mendenhall
76.4%
Michael Turner
76.4%
player % Correct
Frank Gore
76.4%
Darren McFadden
74.4%
BenJarvus Green-Ellis
70.4%
Fred Jackson
69.8%
Peyton Hillis
68.3%
Ryan Mathews
68.3%
Cedric Benson
67.3%
Jonathan Stewart
65.8%
Jahvid Best
62.3%
Beanie Wells
58.3%
LaGarette Blount
55.8%
Knowshon Moneno
54.3%

You're not logged in!

Compare scores with friends on all Sporcle quizzes.
Join for Free
OR
Log In

You Might Also Like...

Show Comments

Extras

Top Quizzes Today


Score Distribution

Your Account Isn't Verified!

In order to create a playlist on Sporcle, you need to verify the email address you used during registration. Go to your Sporcle Settings to finish the process.

Report this User

Report this user for behavior that violates our Community Guidelines.

Details: